000 00917nam a2200253Ia 4500
003 OSt
005 20221005113057.0
006 a|||||r|||| 00| 0
007 ta
008 221004b |||||||| |||| 00| 0 pan d
020 _a818765400000 (hbk)
_c350
024 _a2067
037 _b191, 04/01/2013, Orange Books International
_cTextual
040 _aCRL
_cCRL
_bpan
041 _2pan
_apan
082 _aO153,1N08:g, Q2
100 _aਗੁਰਬਚਨ ਕੌਰ
245 0 _aਦੇਵਿੰਦਰ ਸਤਿਆਰਥੀ ਦਾ ਲੋਕ ਕਾਵਿ Fਾਸਤਰ
260 _aਦਿੱਲੀ
_bਮਨਪ੍ਰੀਤ ਪ੍ਰਕਾFਨ ਭਾਰਤ
_c2012
300 _a203ਪੰ
_ccm.
650 _aਪੰਜਾਬੀ ਸਾਹਿਤ
942 _hO153,1N08:g, Q2
_cTEXL
_2cc
999 _c1026960
_d1026960